000 00482nam a2200169Ia 4500
008 151018s9999 xx 000 0 und d
082 _bRBASDV32209
_a891.464
100 _aरा ग जाधव
245 _aमराठी वाड्मय
260 _b-
_c-
300 _a0
600 _aरा ग जाधव
630 _aमराठी वाड्मय
700 _aरा ग जाधव
730 _aमराठी वाड्मय
942 _cBOOK
999 _c1031734
_d1031731